Catalog of infrared observations (Record no. 9265)

MARC details
000 -LEADER
fixed length control field 00808nam a2200229Ia 4500
003 - CONTROL NUMBER IDENTIFIER
control field IN-BaIIA
008 - FIXED-LENGTH DATA ELEMENTS--GENERAL INFORMATION
fixed length control field 211028s9999 xx 000 0 eng d
040 ## - CATALOGING SOURCE
Transcribing agency IIA Library
080 ## - UNIVERSAL DECIMAL CLASSIFICATION NUMBER
Universal Decimal Classification number 083.8:52-76
Item number GEZ-I
100 ## - MAIN ENTRY--PERSONAL NAME
Personal name Gezari, Daniel Y.
9 (RLIN) 15296
245 #0 - TITLE STATEMENT
Title Catalog of infrared observations
Remainder of title pt. I
Statement of responsibility, etc. Daniel Y. Gezari, Marion Schmitz and Jaylee M. Mead
250 ## - EDITION STATEMENT
Edition statement 2nd ed.
260 ## - PUBLICATION, DISTRIBUTION, ETC.
Place of publication, distribution, etc. Washington
Name of publisher, distributor, etc. National Aeronautics and Space Administration
Date of publication, distribution, etc. 1987
300 ## - PHYSICAL DESCRIPTION
Extent xxi, 603p.
490 ## - SERIES STATEMENT
Series statement NASA reference publication; 1196
650 ## - SUBJECT ADDED ENTRY--TOPICAL TERM
Topical term or geographic name entry element Astronomy and Astrophysics Thesaurus
650 ## - SUBJECT ADDED ENTRY--TOPICAL TERM
Topical term or geographic name entry element Catalogue-Infrared observations
650 ## - SUBJECT ADDED ENTRY--TOPICAL TERM
Topical term or geographic name entry element Infrared observations catalogue
700 ## - ADDED ENTRY--PERSONAL NAME
Personal name Mead, Jaylee M
9 (RLIN) 15297
700 ## - ADDED ENTRY--PERSONAL NAME
Personal name Schmitz, Marion
9 (RLIN) 15295
942 ## - ADDED ENTRY ELEMENTS (KOHA)
Koha item type Books
Holdings
Withdrawn status Lost status Damaged status Not for loan Home library Current library Shelving location Date acquired Total Checkouts Full call number Barcode Date last seen Price effective from Koha item type
        IIA Library-Bangalore IIA Library-Bangalore General Stacks     083.8:52-76/ GEZ-I 10172 05/11/2021   Books

Powered by Koha